000 00723nam a22002175i 4500
001 166245
003 ES-MaACL
005 20250808063158.0
008 011022s1879 fr |||| | fre d
040 _aCAM
_bspa
_cCAM
100 1 _aThierry, Amédée.
_9133215
245 1 0 _aHistoire de la Gaule sous la domination romaine /
_cpar Amédée Thierry.
250 _a5em.ed.
260 _aParis :
_bDidier et C\pie\s,
_c1879 (
_fimp. J. Claye)
300 _a2 v. (XXV, 448; 447 p.) ;
_c29 cm.
490 1 _aOuvrages de Amédée Thierry
651 4 _aFrancia-
_xHistoria
_98679
830 0 _aOuvrages de Amédée Thierry
_9222535
852 _aES-MaACL
_jF-6774-75
_z-- Enc. hol.
999 _c166245
_d166245